书目信息 |
| 题名: |
细胞RNA干扰机制
|
|
| 作者: | 格林 | |
| 分册: | 导读版英文版 | |
| 出版信息: | 北京 科学出版社 2013 |
|
| 页数: | 248 | |
| 开本: | 19cm | |
| 丛书名: | ||
| 单 册: | ||
| 中图分类: | Q52 | |
| 科图分类: | ||
| 主题词: | 核酸 | |
| 电子资源: | ||
| ISBN: | 7-03-037894-1 | |
| 000 | 00544nam0 2200181 450 | |
| 001 | 1735846483 | |
| 005 | 20170410095726.48 | |
| 010 | @a7-03-037894-1@d¥99.00 | |
| 100 | @a20170410d km y0chiy0120 ea | |
| 101 | 0 | @achi |
| 200 | 1 | @a细胞RNA干扰机制@Axi bao RNA gan rao ji zhi@h导读版英文版@f格林(Grimm,D.)@Fge lin(Grimm,D.) |
| 210 | @a北京@c科学出版社@d2013 | |
| 215 | @a248@d19cm | |
| 606 | 0 | @a核酸 |
| 690 | @aQ52@v4 | |
| 701 | 0 | @a格林@Age lin@bGrimm,D. |
| 801 | 0 | @aCN@b大连网信软件有限公司图书馆·11@c20170410 |
| 905 | @b6604458@dQ52@en10@f1 | |
| 细胞RNA干扰机制.导读版英文版/格林(Grimm,D.).-北京:科学出版社,2013 |
| 248;19cm |
| ISBN 7-03-037894-1:¥99.00 |
| ● |
| 相关链接 |
|
|
|
|
正题名:细胞RNA干扰机制
索取号:Q52/n10
 
预约/预借
| 序号 | 登录号 | 条形码 | 馆藏地/架位号 | 状态 | 备注 |
| 1 | 6604458 | 266044586 | 密集书库-生命科学系/ [索取号:Q52/n10] | 在馆 |